| 000 | 01160nam a22002657a 4500 | ||
|---|---|---|---|
| 003 | OSt | ||
| 005 | 20250203114650.0 | ||
| 007 | cr ||||||a|c|a | ||
| 008 | 220823s2020 mx a|||fom||| 001 0 spa d | ||
| 040 | _erda | ||
| 100 | 1 |
_9185431 _aAguilar Aguilar, Iván Antonio |
|
| 245 | 1 |
_aDe la permacultura a la agroecología : _bsistematización de la experiencia "Granja Ecológica Tlicuilli"/ _cpor Iván Antonio Aguilar Aguilar; director de tesis Laura Gómez Tovar. |
|
| 264 |
_aChapingo, México : _bEl autor, _c2020. |
||
| 300 |
_a1 recurso en línea (161 páginas) : _bdiagramas, gráficas, mapas tablas. |
||
| 336 |
_atexto _btxt _2rdacontent |
||
| 337 |
_acomputadora _bc _2rdamedia |
||
| 338 |
_arecurso en línea _bcr _2rdacarrier |
||
| 502 |
_bIAg _cAgroecología _d2020. _gLIC |
||
| 650 | 4 |
_9131904 _aAgricultura orgánica _xDesarrollo sustentable |
|
| 650 | 4 |
_91943 _aAgricultura alternativa |
|
| 650 | 4 |
_935165 _aEcología agrícola |
|
| 700 | 1 |
_949914 _aGómez Tovar, Laura _eDirector de Tesis. |
|
| 856 |
_uhttp://10.13.5.2/tesis/tl/2020_AG_Aguilar_Aguilar_IvanAntonio.pdf _zDESCARGAR PDF |
||
| 942 |
_2Clasificación Universidad Autónoma Chapingo _cTD |
||
| 999 |
_c217615 _d217615 |
||